Botrychium virginianum and its forms. (Record no. 8283)

MARC details
000 -LEADER
fixed length control field 01081cam a22002771 4500
001 - CONTROL NUMBER
control field agr14000099
003 - CONTROL NUMBER IDENTIFIER
control field DLC
005 - DATE AND TIME OF LATEST TRANSACTION
control field 20260227110936.0
008 - FIXED-LENGTH DATA ELEMENTS--GENERAL INFORMATION
fixed length control field 771006s1913 dcuf f001 0 eng c
010 ## - LIBRARY OF CONGRESS CONTROL NUMBER
LC control number agr14000099
035 ## - SYSTEM CONTROL NUMBER
System control number (OCoLC)3321190
040 ## - CATALOGING SOURCE
Original cataloging agency U.S. Dept. of agr. Library
Transcribing agency MnStpeG
Modifying agency OCoLC
-- DLC
042 ## - AUTHENTICATION CODE
Authentication code premarc
043 ## - GEOGRAPHIC AREA CODE
Geographic area code n-usu--
050 00 - LIBRARY OF CONGRESS CALL NUMBER
Classification number JK1
Item number .U5 v 16 pt. 13
051 ## - LIBRARY OF CONGRESS COPY, ISSUE, OFFPRINT STATEMENT
Classification number QK524.B6
Item number T5
Copy information Copy 2
100 1# - MAIN ENTRY--PERSONAL NAME
Personal name Tidestrom, Ivar,
Dates associated with a name 1865-
245 00 - TITLE STATEMENT
Title Botrychium virginianum and its forms.
Remainder of title Sphenoclea seylanica and Caperonia palustris in the southern United States.
Statement of responsibility, etc. By Ivar Tidestrom.
260 ## - PUBLICATION, DISTRIBUTION, ETC.
Place of publication, distribution, etc. Washington,
Name of publisher, distributor, etc. Govt. print. off.,
Date of publication, distribution, etc. 1913.
300 ## - PHYSICAL DESCRIPTION
Extent v, 299-307 p., p. vii.
Other physical details pl. 102-103.
Dimensions 24 cm.
490 0# - SERIES STATEMENT
Series statement Smithsonian institution. United States national museum. Contributions from the United States national herbarium.
Volume/sequential designation v. 16, pt.13
500 ## - GENERAL NOTE
General note "Bulletin of the United States national museum. Issued December 29, 1913."
650 #0 - SUBJECT ADDED ENTRY--TOPICAL TERM
Topical term or geographic name entry element Botrychium virginianum.
650 #0 - SUBJECT ADDED ENTRY--TOPICAL TERM
Topical term or geographic name entry element Caperonia palustris.
650 #0 - SUBJECT ADDED ENTRY--TOPICAL TERM
Topical term or geographic name entry element Sphenoclea zeylanica.

No items available.

Powered by Koha